Sports Quiz

Random Sports or Olympics Quiz

Draw Usain Bolt! Quiz Stats

 Plays Quiz not verified by Sporcle

Score 0/16 Timer 05:00
0 Plays Today
% Correct
Sprinter
98%
Jamaica
95%
Cricket and football (soccer)
92.1%
4
92.1%
8
91.1%
11
91.1%
2017
91.1%
2004
88.1%
% Correct
1986
85.1%
400m
76.2%
9.58
73.3%
4 x 100m relay
71.3%
Lightning Bolt
70.3%
19.19
69.3%
150m
57.4%
8.7
54.5%

You're not logged in!

Compare scores with friends on all Sporcle quizzes.
OR
Log In

Show Comments

Extras

Top Quizzes Today


Score Distribution

Your Account Isn't Verified!

In order to create a playlist on Sporcle, you need to verify the email address you used during registration. Go to your Sporcle Settings to finish the process.

Report this User

Report this user for behavior that violates our Community Guidelines.

Details: